000 00348nam a22001457a 4500
003 OSt
005 20220223102124.0
008 220223b |||||||| |||| 00| 0 eng d
020 _a139780131996236
040 _cH U
082 _23rd
_a690
100 _aGould Frederick
_931242
245 _aConstruction Project Management
942 _2ddc
_cBOOKS
_n0
999 _c31307
_d31307